00967nam a2200181Ia 4500008004100000020001500041050002400056100003300080240006600113245012500179260002900304300001800333500007500351500006300426505024500489650003500734650001600769120626s2002 sp 000 0 spa d a8427713916 aLB1060 bA7651 2002 aAssmann, Hugod1933 -eautor aReencantar a educacao, rumo a sociedade aprendentelEspañol aPlacer y ternura en la educaciónb: Hacia una sociedad aprendiente c/ Hugo Assmann; traducción de Alberto Villalba aMadridb: Narceac, 2002 a234 páginas aTítulo original : Reencantar a educacao, rumo a sociedade aprendente aIncluye: Indice, Prólogo, Introducción, Bibliografía aUnidad entre procesos vitales y procesos cognitivos: Aprendiencia Aprender en la era de las redes: Glosario de conceptos El tiempo pedagógico: Cronos y Kairós en la sociedad aprendiente Epílogo: Liberemos nuestra imaginación  aAPRENDIZAJExASPECTOS SOCIALES 0aAPRENDIZAJE